000 00526nam a2200181 a 4500
005 20230524063757.0
008 991125s1994 mx 000 0 spa u
020 _a9684369379
035 _aUPN01000037336
049 _aLT
050 4 _aLB1589 M6.6
_bM37
245 0 0 _aMatemáticas 6 /
_cReinaldo Yáñez S. ... [et al.].
260 _aMéxico :
_bProgreso,
_c1994.
300 _a261 p. :
_bil.
650 4 _aMatemáticas
_xEstudio y enseñanza (Elemental)
_92809
700 1 _aYáñez S., Reinaldo,
_ecoaut.
905 _aLibro
999 _c37336
_d37336